000 00338nam a22001337a 4500
008 170620b xxu||||| |||| 00| 0 eng d
020 _a9781592406708
041 _aeng
080 _a32
100 _a20
101 _aSHP
245 _aOUR PATCHWORK NATION THE SUPRISING TRUTH ABOUT THE REAL AMERICA
_cSUAREZ,R
942 _2udc
_cBK
999 _c18363
_d18363